Music Quiz

Random Music Quiz

U2: 'Best of' Songs Quiz Stats

 Plays Quiz not verified by Sporcle

Score 0/31 Timer 07:00
0 Plays Today
Track # Title % Correct
3With Or Without You
90.6%
5One
89.4%
5Sunday Bloody Sunday
88.2%
7Where the Streets Have No Name
88.2%
11Desire
84.7%
3Beautiful Day
83.5%
6Bad
78.8%
2Mysterious Ways
78.8%
4I Still Haven't Found What I'm Looking For
77.6%
8I Will Follow
75.3%
2New Year's Day
74.1%
9The Unforgettable Fire
72.4%
13Angel of Harlem
70.6%
10Sweetest Thing
68.8%
13Hold Me, Thrill Me, Kiss Me, Kill Me
68.8%
12When Love Comes to Town
68.2%
Track # Title % Correct
1Even Better Than the Real Thing
68.2%
14All I Want Is You
67.6%
1Pride (In the Name of Love)
67.1%
12Discotheque
65.3%
15Numb
64.7%
Hidden TrackOctober
62.4%
8Stuck in a Moment You Can't Get Out Of
61.2%
14Staring at the Sun
57.1%
11The Hands That Built America
52.9%
6Miss Sarajevo
51.8%
10Until the End of the World
51.8%
7Stay (Faraway, So Close)
48.8%
4Electrical Storm
44.7%
9Gone
43.5%
16The First Time
42.4%

You're not logged in!

Compare scores with friends on all Sporcle quizzes.
OR
Log In

Show Comments

Extras

Created Nov 18, 2010ReportNominate
Tags:Rock Musicians, U2 Band

Top Quizzes Today


Score Distribution

Your Account Isn't Verified!

In order to create a playlist on Sporcle, you need to verify the email address you used during registration. Go to your Sporcle Settings to finish the process.

Report this User

Report this user for behavior that violates our Community Guidelines.

Details: